O Estranho Caso do Tiramisú (Registo nº 1352)

Detalhes MARC
000 -Etiqueta do registo
Cabeçalho 00689nam0a2200253 4500
005 - Identificador da versão
Campo de controlo 20240822202617.0
010 ## - Número internacional normalizado dos livros (ISBN)
Número (ISBN) 9789722345460
021 ## - Número do Depósito Legal
Código do país PT
Número 328 035/11
100 ## - Dados gerais de processamento
Dados gerais de processamento 20120202d2011 d y0pory5003 ba
101 1# - Língua de publicação
Língua do texto, banda sonora, etc. Português
Língua do documento no original Italiano
102 ## - Pais de publicação ou produção
País de publicação Portugal
105 ## - Campo de dados codificados: livros
Dados codificados dos livros a z 001yy
106 ## - Campo de dados codificados: material textual
Dados codificados do material textual r
200 1# - Titulo e menção de responsabilidade
Título próprio O Estranho Caso do Tiramisú
Primeira menção de responsabilidade Geronimo Stilton
Outras menções de responsabilidade il. Giuseppe Ferrario
205 ## - Menção da edição
Menção da edição 2ª ed
210 ## - Publicação, Distribuição, etc. 
Lugar da edição, distribuição, etc. Barcarena
Nome do editor, distribuidor, etc. Editorial Presença
Data da publicação, distribuição, etc. 2011
215 ## - Descrição física 
Indicação específica da natureza do documento e extensão da espécie 109 p.
Outras indicações físicas il.
225 2# - Colecção 
Título próprio da colecção as aventuras de geronimo Stilton
Indicação de volume 43
304 ## - Notas relativas a título e menção de responsabilidade 
Texto da nota Tít. orig.: Lo Strano Caso del Tiramisù
700 #1 - Nome de autor-pessoa física (responsabilidade principal)
Número de registo de entrada de autoridade 0001908
Palavra de ordem Stilton
Outra parte do nome não tomada para palavra de ordem Geronimo
942 ## - Elementos de entrada adicionados (Koha)
Tipo de item no Koha Livro
966 ## - Identificação da Biblioteca
Sigla NUMETECA
Exemplares
Situação do levantamento Origin of item (home branch) (coded) Biblioteca de empréstimo Código de barras Cota Circulation type (not for loan) Tipo de documento Nota do exemplar Damaged status
  Biblioteca Escolar Eng. Nuno Mergulhão Biblioteca Escolar Eng. Nuno Mergulhão BENM3040 | 2011 82-3 STI   Livro Sem mensagem